| 000 | 00406 a2200169 4500 | ||
|---|---|---|---|
| 001 | 58492 | ||
| 020 | _a9788516039844 | ||
| 040 | _cAnchieta - Pituba | ||
| 100 | _aLadeira, Julieta de Godoy | ||
| 240 | 1 | 0 |
_aContos brasileiros contemporâneos _lpor |
| 245 | 1 | 0 | _aContos brasileiros contemporâneos |
| 300 | _a100 | ||
| 362 | 0 | _a2005 | |
| 440 | 1 | _aModerna | |
| 650 | 4 | _aFicção brasileira | |
| 942 | _cBK | ||
| 999 |
_c58492 _d58492 |
||